| 000 | 00652nam a2200229Ia 4500 | ||
|---|---|---|---|
| 001 | 855 | ||
| 003 | GE_BSU | ||
| 008 | 181216s||||||||xx |||||||||||||| ||und|| | ||
| 020 | _a5829700654 | ||
| 040 | _cGE_BSU | ||
| 080 | _a001.817 | ||
| 100 | _aВолков,Ю.Г. | ||
| 245 | _aДиссертация. Подготовка,защита,оформление. | ||
| 245 | _bПрактическое пособие | ||
| 260 | _aМосква | ||
| 260 | _bГардарики | ||
| 260 | _c2001 | ||
| 300 | _a160стр. | ||
| 541 | _h5л. | ||
| 653 | _aДиссертация. Подготовка,защита,оформление | ||
| 942 | _cBK | ||
| 999 |
_c35016 _d35016 |
||